Diccionario Ruso - Espanol
Сохранить в:
| Главный автор: | |
|---|---|
| Формат: | |
| Язык: | Undetermined |
| Опубликовано: |
Moscu
Idioma Ruso
1974
|
| Предметы: | |
| Метки: |
Добавить метку
Нет меток, Требуется 1-ая метка записи!
|
| Thư viện lưu trữ: | Trung tâm Học liệu Trường Đại học Cần Thơ |
|---|
| LEADER | 00518nam a2200181Ia 4500 | ||
|---|---|---|---|
| 001 | CTU_26139 | ||
| 008 | 210402s9999 xx 000 0 und d | ||
| 082 | |a 491.7003 | ||
| 082 | |b N778 | ||
| 100 | |a J Nogueira | ||
| 245 | 0 | |a Diccionario Ruso - Espanol | |
| 245 | 0 | |c J Nogueira, G Turover | |
| 260 | |a Moscu | ||
| 260 | |b Idioma Ruso | ||
| 260 | |c 1974 | ||
| 650 | |a russian language - dictionaries,spanish language - dictionaries | ||
| 904 | |i Minh, 981008 | ||
| 980 | |a Trung tâm Học liệu Trường Đại học Cần Thơ | ||